[Event "BEL-chT 2223"]
[Site "Belgium"]
[Date "2023.03.19"]
[Round "9.2"]
[White "De Feijter, Bas"]
[Black "Peeren, Yen"]
[Result "1-0"]
[WhiteElo "2207"]
[BlackElo "2107"]
[PlyCount "61"]
[EventDate "2022.09.25"]
[EventType "team-tourn"]
[EventRounds "11"]
[EventCountry "BEL"]
[SourceTitle "CBM 213 Extra"]
[Source "ChessBase"]
[SourceDate "2023.05.31"]
[SourceVersion "1"]
[SourceVersionDate "2023.05.31"]
[SourceQuality "1"]
[WhiteTeam "Wetteren"]
[BlackTeam "Oostende"]
[WhiteTeamCountry "BEL"]
[BlackTeamCountry "BEL"]

1. d4 g6 2. c4 Bg7 3. g3 d6 4. Nf3 Nd7 5. Bg2 e5 6. 0-0 Ne7 7. Nc3 0-0 8. e4 exd4 9. Nxd4 Nc6 10. Nde2 Nde5 11. b3 a5 12. Bb2 Nb4 13. Qd2 Bh3 14. f4 Bxg2 15. Kxg2 Nd7 16. a3 Nc5 17. axb4 Nxb3 18. Qc2 Nxa1 19. Rxa1 axb4 20. Nd5 Rxa1 21. Bxg7 Kxg7 22. Qb2+ f6 23. Qxa1 Qa8 24. Qb2 c5 25. f5 Qa3 26. Qd2 b3 27. Ndf4 Qa2 28. Qxd6 Rf7 29. Ne6+ Kh6 30. Qf4+ g5 31. Qg4 1-0

[Event "BEL-chT 2223"]
[Site "Belgium"]
[Date "2023.02.12"]
[Round "7.2"]
[White "Peeren, Yen"]
[Black "Hopman, Pieter"]
[Result "1/2-1/2"]
[WhiteElo "2107"]
[BlackElo "2347"]
[PlyCount "128"]
[EventDate "2022.09.25"]
[EventType "team-tourn"]
[EventRounds "11"]
[EventCountry "BEL"]
[SourceTitle "CBM 213 Extra"]
[Source "ChessBase"]
[SourceDate "2023.05.31"]
[SourceVersion "1"]
[SourceVersionDate "2023.05.31"]
[SourceQuality "1"]
[WhiteTeam "Oostende"]
[BlackTeam "Liege Crelel"]
[WhiteTeamCountry "BEL"]
[BlackTeamCountry "BEL"]

1. e4 d6 2. d4 Nf6 3. Nc3 e5 4. Nf3 Nbd7 5. Bc4 Be7 6. 0-0 0-0 7. Re1 c6 8. a4 h6 9. h3 Qc7 10. a5 Re8 11. Bb3 exd4 12. Nxd4 Nc5 13. Bc4 Bf8 14. f3 d5 15. exd5 Bxh3 16. Nce2 cxd5 17. Bf4 Qc8 18. Ba2 Bd7 19. c3 b6 20. b4 Nb7 21. axb6 axb6 22. Bb3 Rxa1 23. Qxa1 Nd6 24. Qa7 Nb5 25. Qxb6 Nxc3 26. Bd2 Nxe2+ 27. Rxe2 Qb8 28. Qa5 Rxe2 29. Nxe2 Bd6 30. Bxd5 Bc7 31. Qa8 Nxd5 32. Qxd5 Qa7+ 33. Kf1 Be6 34. Qd4 Bb6 35. Qe5 Qd7 36. Qb8+ Bd8 37. Be3 Kh7 38. Nd4 Bc7 39. Qa8 Bc4+ 40. Kf2 Bd5 41. Qa6 Qe7 42. Qd3+ g6 43. Nf5 Qd8 44. Ne7 Bb7 45. Qxd8 Bxd8 46. Bc5 Kg7 47. b5 Kf6 48. Nc6 Bxc6 49. bxc6 Ke5 50. Be3 h5 51. g4 Kd6 52. gxh5 gxh5 53. Bf4+ Kxc6 54. Kg2 Kd5 55. Bc1 Kd4 56. Ba3 Ke3 57. Bb2 Ke2 58. Be5 Bh4 59. Bd6 Be1 60. Be7 h4 61. Bd6 f5 62. Be7 h3+ 63. Kxh3 Kxf3 64. Bd6 Bg3 1/2-1/2

[Event "Geraardsbergen op"]
[Site "Geraardsbergen"]
[Date "2003.08.14"]
[Round "2"]
[White "Peeren, Yen"]
[Black "Cools, Gorik"]
[Result "1-0"]
[WhiteElo "2103"]
[BlackElo "2329"]
[PlyCount "101"]
[EventDate "2003.08.??"]
[EventType "swiss"]
[EventRounds "7"]
[EventCountry "BEL"]
[SourceTitle "EXT 2005"]
[Source "ChessBase"]
[SourceDate "2004.11.15"]
[SourceVersion "1"]
[SourceVersionDate "2004.11.15"]
[SourceQuality "1"]

1. e4 c5 2. Nf3 d6 3. c3 Nf6 4. h3 g6 5. Bd3 Nc6 6. Bc2 Bd7 7. 0-0 Bg7 8. d4 0-0 9. Bg5 cxd4 10. Nxd4 Qb6 11. Nb3 Ne5 12. N1d2 a5 13. Be3 Qa6 14. Nd4 Rfc8 15. f4 Nd3 16. Qb1 Nc5 17. N2b3 a4 18. Nxc5 dxc5 19. Nf3 a3 20. b3 Nh5 21. Qe1 Qa5 22. Ne5 Be8 23. Rd1 b5 24. Bxc5 Nxf4 25. b4 Qc7 26. Rxf4 Qxe5 27. Rf3 Rxc5 28. bxc5 Qxc5+ 29. Qe3 Qxe3+ 30. Rxe3 Rc8 31. Red3 Bxc3 32. Rd8 Rxd8 33. Rxd8 Kf8 34. Bd3 b4 35. Bb5 b3 36. Rxe8+ Kg7 37. Bc4 b2 38. Bd3 Kf6 39. Kf2 Bb4 40. Ke2 h5 41. Rb8 Bd6 42. Rb5 h4 43. Kf3 Ke6 44. Bc4+ Kf6 45. Kg4 Bg3 46. Bd3 e6 47. Ra5 Bd6 48. Kxh4 e5 49. Rb5 Kg7 50. Rb7 Kf8 51. Kg4 1-0

[Event "BEL VSF op-A"]
[Site "Belgium"]
[Date "2001.??.??"]
[Round "?"]
[White "Dutreeuw, Marc"]
[Black "Peeren, Yen"]
[Result "1-0"]
[WhiteElo "2410"]
[BlackElo "2040"]
[PlyCount "61"]
[EventDate "2001.??.??"]
[EventType "swiss"]
[EventRounds "7"]
[EventCountry "BEL"]
[SourceTitle "EXT 2003"]
[Source "ChessBase"]
[SourceDate "2002.11.25"]
[SourceVersion "1"]
[SourceVersionDate "2002.11.25"]
[SourceQuality "1"]

1. e4 e5 2. Nf3 Nc6 3. Bb5 a6 4. Ba4 d6 5. c3 f5 6. exf5 Bxf5 7. d4 b5 8. Bc2 Bg4 9. h3 Bh5 10. dxe5 Nxe5 11. g4 Bg6 12. Bxg6+ hxg6 13. Nxe5 dxe5 14. Qf3 Bd6 15. Bg5 Nf6 16. Qc6+ Kf7 17. Nd2 Qc8 18. 0-0-0 Qe6 19. Kb1 Rab8 20. Ne4 Nxe4 21. Qxe4 b4 22. c4 Be7 23. Bxe7 Kxe7 24. Rd5 Kf7 25. Rxe5 Qd6 26. c5 Qf6 27. Qc4+ Kf8 28. Re4 Qc6 29. Rf4+ Ke8 30. Rc1 Rf8 31. Qe2+ 1-0

[Event "BEL VSF op-A"]
[Site "Belgium"]
[Date "2001.??.??"]
[Round "?"]
[White "Peeren, Yen"]
[Black "Claesen, Jeroen"]
[Result "1/2-1/2"]
[WhiteElo "2040"]
[BlackElo "2270"]
[PlyCount "30"]
[EventDate "2001.??.??"]
[EventType "swiss"]
[EventRounds "7"]
[EventCountry "BEL"]
[SourceTitle "EXT 2003"]
[Source "ChessBase"]
[SourceDate "2002.11.25"]
[SourceVersion "1"]
[SourceVersionDate "2002.11.25"]
[SourceQuality "1"]

1. e4 g6 2. d4 c5 3. c3 cxd4 4. cxd4 d5 5. e5 Nc6 6. Nc3 Nh6 7. Bb5 Bg7 8. Nge2 0-0 9. 0-0 Bg4 10. f3 Bd7 11. Kh1 Qb6 12. a4 Be6 13. Bg5 f6 14. Nf4 Nxd4 15. Bxh6 Bxh6 1/2-1/2